[Event "BL 9293 Erfurt-Kirchheim"]
[Site "?"]
[Date "1992.??.??"]
[Round "?.2"]
[White "Casper, T."]
[Black "Gschnitzer, O."]
[Result "1/2-1/2"]
[WhiteElo "2425"]
[BlackElo "2475"]
[PlyCount "123"]
[EventDate "1992.??.??"]

1. e4 c5 2. Nf3 d6 3. g3 Nc6 4. Bg2 g6 5. O-O Bg7 6. c3 e5 7. d3 Nge7 8. a3 O-O
9. b4 a6 10. Nbd2 h6 11. Rb1 cxb4 12. axb4 d5 13. Re1 Kh7 14. Qe2 f5 15. exf5
Nxf5 16. b5 axb5 17. Rxb5 Ra5 18. Rxa5 Qxa5 19. Nb1 b6 20. Qd2 Ba6 21. Ba3 Rf7
22. h3 Rd7 23. Nh2 Bb5 24. Bf1 Qa6 25. h4 Rf7 26. Bb2 Qc8 27. Bg2 Qd8 28. Na3
Ba6 29. Nc2 Bb7 30. Rb1 Rd7 31. Ba3 Na5 32. Ng4 e4 33. Nge3 Nxe3 34. Nxe3 d4
35. cxd4 Rxd4 36. Bb2 Rxd3 37. Qc1 Nb3 38. Qe1 Nd4 39. Bxd4 Bxd4 40. Kh2 Bc3
41. Qf1 Be5 42. Kh1 Bd4 43. Qe2 h5 44. Qa2 Qd7 45. Kh2 Bc5 46. Rb2 Qg7 47. Rc2
Rd7 48. Qc4 Qd4 49. Qe6 Re7 50. Qb3 Ba6 51. Ra2 Qd3 52. Qb2 Bd4 53. Qc1 Rf7 54.
Bf1 Bxe3 55. Bxd3 Bxc1 56. Bxa6 e3 57. Kg2 Ra7 58. fxe3 Bxe3 59. Bc4 Rc7 60.
Rc2 Kg7 61. Bd3 Rd7 62. Bb5 1/2-1/2

[Event "BL 9293 Erfurt-Kirchheim"]
[Site "?"]
[Date "1992.??.??"]
[Round "?.3"]
[White "Graf, Ju"]
[Black "Jasnikowski, Z."]
[Result "1/2-1/2"]
[WhiteElo "2445"]
[BlackElo "2455"]
[PlyCount "27"]
[EventDate "1992.??.??"]

1. d4 Nf6 2. Nf3 g6 3. Bf4 Bg7 4. e3 O-O 5. Be2 d5 6. O-O Nbd7 7. Ne5 Ne4 8.
Nxd7 Qxd7 9. Nd2 Nxd2 10. Qxd2 b6 11. Rfd1 Bb7 12. Bf3 Rfd8 13. c4 c6 14. cxd5
1/2-1/2

[Event "BL 9293 Erfurt-Kirchheim"]
[Site "?"]
[Date "1992.??.??"]
[Round "?.4"]
[White "Mueller, Mat"]
[Black "Vokac, M."]
[Result "1/2-1/2"]
[WhiteElo "2395"]
[BlackElo "2395"]
[PlyCount "43"]
[EventDate "1992.??.??"]

1. e4 c5 2. Nf3 a6 3. d4 cxd4 4. Nxd4 Nf6 5. Nc3 e5 6. Nf3 Nc6 7. Bc4 Bb4 8.
O-O Bxc3 9. bxc3 Qa5 10. Bg5 Qc5 11. Bxf6 gxf6 12. Nd2 h5 13. Qf3 Ke7 14. Bd5
d6 15. Rfb1 Rb8 16. Nc4 Bg4 17. Qd3 Be6 18. Ne3 Rhc8 19. Qe2 Rh8 20. Qd3 Rhc8
21. Qe2 Rh8 22. Qd3 1/2-1/2

[Event "BL 9293 Erfurt-Kirchheim"]
[Site "?"]
[Date "1992.??.??"]
[Round "?.5"]
[White "Biebinger, G."]
[Black "Maiwald, JU."]
[Result "1-0"]
[WhiteElo "2350"]
[BlackElo "2375"]
[PlyCount "105"]
[EventDate "1992.??.??"]

1. d4 Nf6 2. c4 g6 3. Nc3 Bg7 4. e4 d6 5. Bg5 O-O 6. Qd2 Nbd7 7. f3 a6 8. Nh3
c6 9. Nf2 b5 10. Rc1 Bb7 11. b3 bxc4 12. bxc4 c5 13. d5 a5 14. a4 Nb6 15. Be2
Ba6 16. Qa2 Nfd7 17. O-O Qe8 18. Bd2 Ne5 19. Nb5 Bxb5 20. axb5 Ra7 21. Bc3 g5
22. g3 f5 23. Bxe5 Bxe5 24. exf5 Rxf5 25. Ng4 Bd4+ 26. Kg2 Qf8 27. Bd3 Rf7 28.
Qd2 Qg7 29. Rfe1 h5 30. Re6 hxg4 31. Rg6 gxf3+ 32. Kh1 Bf6 33. Qe3 a4 34. Rxg7+
Rxg7 35. Qxf3 a3 36. Qh5 Kf8 37. Bf5 e6 38. Qh8+ Ke7 39. Qb8 Ra4 40. Bxe6 a2
41. Qxb6 a1=Q 42. Qc7+ Ke8 43. Qc6+ Kf8 44. Qxd6+ Re7 45. Rxa1 Rxa1+ 46. Kg2
Ra2+ 47. Kh3 Kg7 48. Qxc5 Rb2 49. Qc8 Rb4 50. b6 g4+ 51. Bxg4 Kg6 52. Qg8+ Rg7
53. Qe8+ 1-0

[Event "BL 9293 Erfurt-Kirchheim"]
[Site "?"]
[Date "1992.??.??"]
[Round "?.6"]
[White "Schwarz, M."]
[Black "Mueller, O."]
[Result "1/2-1/2"]
[WhiteElo "2380"]
[BlackElo "2345"]
[PlyCount "140"]
[EventDate "1992.??.??"]

1. g3 d5 2. Bg2 Nf6 3. Nf3 c6 4. O-O Bg4 5. c4 e6 6. d3 Nbd7 7. Qb3 Qb6 8. Nbd2
Qxb3 9. axb3 Bd6 10. h3 Bh5 11. g4 Bg6 12. Nh4 Be7 13. Ndf3 O-O 14. Be3 a6 15.
Ra4 Rfd8 16. Rfa1 Rac8 17. b4 dxc4 18. Nxg6 hxg6 19. dxc4 b5 20. Rxa6 bxc4 21.
Nd4 Nb8 22. Rb6 c5 23. Rxb8 cxd4 24. Rxc8 Rxc8 25. Bxd4 Bxb4 26. Rc1 Nd7 27.
Bb7 Rc7 28. Ba6 Nc5 29. Bxc5 Rxc5 30. Bxc4 Kf8 31. b3 Ke7 32. Kg2 g5 33. Ra1
Ra5 34. Rd1 Ra7 35. Kf3 Ra8 36. Rc1 Rh8 37. Kg2 Ra8 38. Bb5 Bd6 39. Rc6 Rb8 40.
Bc4 Ra8 41. Rb6 Rb8 42. Ra6 Bc5 43. e3 Rb7 44. Ra5 Kd6 45. Kf3 Rb8 46. Kg3 Rb7
47. Ra8 Ke7 48. Kf3 Ra7 49. Rc8 Bd6 50. Rc6 Ra1 51. Kg2 Rb1 52. Rb6 Rb2 53. Bd3
Bc5 54. Rb7+ Kf8 55. Kf3 Bd6 56. Be4 Be5 57. Kg2 Bc3 58. Kf1 g6 59. Bd3 Kg7 60.
Bc4 Kf6 61. Rc7 Ba5 62. Ra7 Bb6 63. Rb7 Bc5 64. Bd3 Kg7 65. Be4 Kf8 66. Bc6 Bd6
67. Ba4 Ra2 68. Rb6 Be7 69. Rb8+ Kg7 70. Be8 Rb2 1/2-1/2

[Event "BL 9293 Erfurt-Kirchheim"]
[Site "?"]
[Date "1992.??.??"]
[Round "?.8"]
[White "Voekler, B."]
[Black "Messmer, M."]
[Result "1/2-1/2"]
[WhiteElo "2300"]
[BlackElo "2340"]
[PlyCount "41"]
[EventDate "1992.??.??"]

1. e4 c5 2. Nf3 Nc6 3. d4 cxd4 4. Nxd4 Nf6 5. Nc3 g6 6. Nxc6 bxc6 7. e5 Ng8 8.
Bd3 Bg7 9. Qe2 Qa5 10. f4 f6 11. O-O fxe5 12. f5 d5 13. fxg6 e4 14. gxh7 Nf6
15. Rxf6 exf6 16. Bd2 Qc5+ 17. Kh1 Qe7 18. Nxe4 dxe4 19. Bxe4 Kf8 20. Qf3 Bd7
21. Bg6 1/2-1/2

[Event "BL 9293 Dresden-Stadthagen"]
[Site "?"]
[Date "1992.??.??"]
[Round "?.2"]
[White "Uhlmann, W."]
[Black "Khalifman, A."]
[Result "1-0"]
[WhiteElo "2480"]
[BlackElo "2635"]
[PlyCount "81"]
[EventDate "1992.??.??"]

1. c4 e5 2. Nc3 Bb4 3. g3 Nf6 4. Bg2 O-O 5. Qb3 a5 6. Nf3 Nc6 7. O-O d6 8. d3
h6 9. Nd5 Bc5 10. Bd2 Nxd5 11. cxd5 Nd4 12. Nxd4 exd4 13. e3 a4 14. Qc2 Bd7 15.
Rac1 Re8 16. exd4 Bxd4 17. Bc3 Bb6 18. Qd2 Qg5 19. Qxg5 hxg5 20. Rfe1 g4 21. a3
Bf5 22. Be4 Bxe4 23. Rxe4 f5 24. Rf4 g6 25. h3 Re3 26. Kg2 gxh3+ 27. Kxh3 Rxd3
28. Re1 Bc5 29. Re6 Rxc3 30. bxc3 Kg7 31. Rh4 Rh8 32. Rxh8 Kxh8 33. Re7 Bxa3
34. Rxc7 b5 35. Kh4 Bc1 36. f4 Kg8 37. Kg5 Kf8 38. Rb7 Bd2 39. Rxb5 Bxc3 40.
Rb8+ Kg7 41. Rb7+ 1-0

[Event "BL 9293 Dresden-Stadthagen"]
[Site "?"]
[Date "1992.??.??"]
[Round "?.4"]
[White "Kaminski, U."]
[Black "Tischbierek, R."]
[Result "0-1"]
[WhiteElo "2400"]
[BlackElo "2495"]
[PlyCount "70"]
[EventDate "1992.??.??"]

1. e4 c5 2. Nf3 d6 3. d4 cxd4 4. Nxd4 Nf6 5. Nc3 Nc6 6. Bg5 e6 7. Qd2 a6 8.
O-O-O Bd7 9. f4 h6 10. Bh4 g5 11. fxg5 Ng4 12. Be2 Nge5 13. Kb1 Be7 14. Nf3
hxg5 15. Bg3 b5 16. Bd3 Nxf3 17. gxf3 Ne5 18. f4 gxf4 19. Bxf4 Qc7 20. Rhf1 f6
21. a3 Qb7 22. Qe2 b4 23. axb4 Qxb4 24. Bxe5 fxe5 25. Bc4 Rb8 26. Bb3 a5 27.
Qg4 Kd8 28. Rf7 Re8 29. Rd3 a4 30. Nd1 Bb5 31. c4 axb3 32. cxb5 Qxb5 33. Rc3
Qa4 34. Kc1 Kd7 35. Kd2 Rb4 0-1

[Event "BL 9293 Dresden-Stadthagen"]
[Site "?"]
[Date "1992.??.??"]
[Round "?.5"]
[White "Keitlinghaus, L."]
[Black "Borriss, M."]
[Result "1/2-1/2"]
[WhiteElo "2460"]
[BlackElo "2375"]
[PlyCount "81"]
[EventDate "1992.??.??"]

1. e4 c5 2. Nc3 Nc6 3. Bb5 Nd4 4. a4 g6 5. Nge2 Bg7 6. O-O e6 7. d3 Ne7 8. Nxd4
cxd4 9. Ne2 O-O 10. Bd2 d5 11. exd5 Nxd5 12. Nf4 Nxf4 13. Bxf4 Bd7 14. Bc4 Bc6
15. Bd2 Qd7 16. a5 Bd5 17. b3 b5 18. axb6 axb6 19. Qb1 b5 20. Bxd5 Qxd5 21.
Rxa8 Rxa8 22. Qb2 Qc5 23. f3 h5 24. Rf2 Be5 25. Re2 Qd6 26. h3 Bf6 27. Qc1 Ra2
28. Bg5 Be5 29. g4 hxg4 30. hxg4 Qd5 31. Qf1 Bh2+ 32. Kxh2 Qxg5 33. Kg3 Qc5 34.
Qc1 Qc7+ 35. Qf4 Rxc2 36. Rxc2 Qxc2 37. Qb8+ Kh7 38. Qb7 Kg8 39. Qb8+ Kh7 40.
Qb7 Kg8 41. Qb8+ 1/2-1/2

[Event "BL 9293 Dresden-Stadthagen"]
[Site "?"]
[Date "1992.??.??"]
[Round "?.7"]
[White "Gauglitz, G."]
[Black "Andresen, S."]
[Result "0-1"]
[WhiteElo "2435"]
[BlackElo "2340"]
[PlyCount "208"]
[EventDate "1992.??.??"]

1. d4 Nf6 2. Nf3 e6 3. c4 b6 4. g3 Bb7 5. Bg2 Be7 6. O-O O-O 7. d5 exd5 8. Nh4
c6 9. cxd5 Nxd5 10. Nf5 Bc5 11. e4 Ne7 12. Nxg7 Kxg7 13. b4 Ba6 14. Re1 Bxf2+
15. Kxf2 Ng6 16. Bb2+ f6 17. Kg1 d6 18. Na3 Nd7 19. Qa4 Bb7 20. Rad1 Nde5 21.
Rd2 Qe7 22. Red1 b5 23. Qb3 Rad8 24. Bd4 Bc8 25. Qc3 Bg4 26. Rf1 Be6 27. Rdf2
Rc8 28. h3 c5 29. bxc5 b4 30. cxd6 Qxd6 31. Nb5 Qe7 32. Qe3 a6 33. Na7 Rc4 34.
g4 h6 35. Rc1 Rxc1+ 36. Qxc1 Nd3 37. Qc6 Nxf2 38. Bxf2 Ne5 39. Qxa6 Qd7 40. Qb6
Nd3 41. Bd4 Bxa2 42. Nc6 Qe6 43. Qc7+ Rf7 44. Qg3 Qxc6 45. Qxd3 Qc1+ 46. Bf1
Bb1 47. Qf3 Qc6 48. Bg2 Qc1+ 49. Bf1 Qc6 50. Bg2 Qd6 51. Qe3 Rd7 52. Bc5 Qe5
53. Bxb4 Qd4 54. Bc5 Qxe3+ 55. Bxe3 Re7 56. Kf2 Bxe4 57. Bf1 Rb7 58. h4 Rb3 59.
Bc4 Ra3 60. Be6 Kg6 61. Bd7 Rd3 62. Be8+ Kg7 63. Bb5 Ra3 64. Bd7 Bg6 65. Be6 h5
66. g5 Ra4 67. Bd2 Bf7 68. gxf6+ Kxf6 69. Bxf7 Kxf7 70. Bg5 Ra3 71. Ke2 Ke6 72.
Kf2 Kf5 73. Bd8 Rb3 74. Bg5 Kg4 75. Ke2 Kg3 76. Bf6 Rb6 77. Bg5 Re6+ 78. Kd3
Kf3 79. Kd4 Re1 80. Kd5 Re4 81. Bd8 Kf4 82. Bg5+ Kf5 83. Kd6 Rg4 84. Be7 Rg7
85. Bd8 Rg1 86. Be7 Rd1+ 87. Kc5 Rd7 88. Bg5 Ke4 89. Kc6 Rd5 90. Bf6 Rd1 91.
Bg5 Rd3 92. Kc5 Rd7 93. Kc6 Rd5 94. Bf6 Rf5 95. Be7 Ke5 96. Bd8 Ke6 97. Bc7 Rf1
98. Bd8 Rc1+ 99. Kb5 Kf5 100. Bg5 Rc2 101. Kb4 Kg4 102. Kb3 Rh2 103. Kc3 Rxh4
104. Bxh4 Kxh4 0-1

[Event "BL 9293 Dresden-Stadthagen"]
[Site "?"]
[Date "1992.??.??"]
[Round "?.8"]
[White "Wegener, D."]
[Black "Schirm, F."]
[Result "1-0"]
[WhiteElo "2310"]
[BlackElo "2340"]
[PlyCount "67"]
[EventDate "1992.??.??"]

1. e4 c5 2. Nf3 Nc6 3. d4 cxd4 4. Nxd4 Nf6 5. Nc3 d6 6. Bg5 e6 7. Qd2 Be7 8.
O-O-O O-O 9. Nb3 Qb6 10. f3 Rd8 11. h4 a6 12. Be3 Qc7 13. Qf2 Nd7 14. g4 b5 15.
Kb1 Rb8 16. g5 Nde5 17. h5 Nc4 18. Bc1 N6e5 19. f4 b4 20. fxe5 bxc3 21. Bxc4
Qxc4 22. Rhf1 Rf8 23. exd6 Bd8 24. g6 e5 25. h6 hxg6 26. hxg7 Kxg7 27. Rh1 Rh8
28. Rxh8 Kxh8 29. Rh1+ Kg8 30. Qh2 Bf6 31. Bg5 Qe6 32. Qh4 Bg7 33. Qh7+ Kf8 34.
Be7+ 1-0

[Event "BL 9293 Erfurt-Empor Berlin"]
[Site "?"]
[Date "1992.??.??"]
[Round "?.1"]
[White "Kovalev, A."]
[Black "Paehtz, T."]
[Result "1/2-1/2"]
[WhiteElo "2580"]
[BlackElo "2480"]
[PlyCount "72"]
[EventDate "1992.??.??"]

1. e4 e6 2. d4 d5 3. Nc3 Be7 4. Nf3 Nf6 5. e5 Ne4 6. Bd3 Nxc3 7. bxc3 c5 8. h4
h6 9. Rh3 Nd7 10. Rg3 c4 11. Bf1 Rh7 12. h5 Nb6 13. Nh2 Na4 14. Qg4 Qb6 15. Rf3
Bd7 16. Qf4 O-O-O 17. Qxf7 Bg5 18. Bxg5 hxg5 19. O-O-O Be8 20. Qe7 Bxh5 21. Qa3
Qc6 22. Rh3 Rdh8 23. g4 Bg6 24. Rxh7 Rxh7 25. Nf3 Qe8 26. Be2 Rh3 27. Rf1 b5
28. Qd6 Nxc3 29. Nxg5 Nxe2+ 30. Kd2 Rc3 31. Nxe6 Rxc2+ 32. Ke3 Qd7 33. Qa6+ Qb7
34. Qd6 Qd7 35. Qa6+ Qb7 36. Qd6 Qd7 1/2-1/2

[Event "BL 9293 Erfurt-Empor Berlin"]
[Site "?"]
[Date "1992.??.??"]
[Round "?.2"]
[White "Kuczynski, R."]
[Black "Muse, M."]
[Result "1-0"]
[WhiteElo "2525"]
[BlackElo "2470"]
[PlyCount "66"]
[EventDate "1992.??.??"]

1. e4 c5 2. Nf3 g6 3. c3 Bg7 4. d4 cxd4 5. cxd4 d5 6. e5 Nc6 7. h3 Bf5 8. Nc3
Rc8 9. Bb5 a6 10. Bxc6+ Rxc6 11. O-O b5 12. Bf4 h6 13. Rc1 g5 14. Bg3 e6 15.
Qd2 Ne7 16. h4 g4 17. Nh2 h5 18. Bf4 Qb6 19. Ne2 Kd7 20. Bg5 Bg6 21. Rxc6 Nxc6
22. Rc1 Rc8 23. Nf1 Bf8 24. Ne3 Ne7 25. Rxc8 Kxc8 26. Ng3 Nf5 27. Nexf5 Bxf5
28. Qf4 Qa5 29. a3 Qa4 30. Nxh5 Kb7 31. Nf6 Qd1+ 32. Kh2 Qc2 33. Nd7 Bg7 {Zeit}
1-0

[Event "BL 9293 Erfurt-Empor Berlin"]
[Site "?"]
[Date "1992.??.??"]
[Round "?.3"]
[White "Chekhov, V."]
[Black "Casper, T."]
[Result "1-0"]
[WhiteElo "2535"]
[BlackElo "2425"]
[PlyCount "99"]
[EventDate "1992.??.??"]

1. d4 Nf6 2. c4 d6 3. Nc3 Nbd7 4. Nf3 e5 5. e4 g6 6. Be2 Bg7 7. O-O O-O 8. Be3
c6 9. d5 c5 10. Ne1 Kh8 11. Nd3 Ng8 12. b4 cxb4 13. Nxb4 Bh6 14. Bxh6 Nxh6 15.
Qd2 Kg7 16. Nd3 b6 17. a4 Nc5 18. Nxc5 bxc5 19. Rab1 f6 20. Bd3 Nf7 21. Rb2 Re8
22. Rfb1 Re7 23. Nd1 Nh6 24. Bc2 f5 25. exf5 Nxf5 26. Nc3 Nd4 27. Bd3 Qc7 28.
Qg5 Bf5 29. Bxf5 Nxf5 30. Ne4 Rf8 31. Qd2 Nd4 32. a5 h6 33. a6 Ref7 34. Rb7 Qd8
35. h3 Nf5 36. Rxf7+ Rxf7 37. Rb7 Rxb7 38. axb7 Qb6 39. Qe2 Qxb7 40. Nxd6 Qe7
41. Ne4 h5 42. Qb2 a5 43. Qa1 Nd6 44. Nxd6 Qxd6 45. Qxa5 h4 46. Qc3 g5 47. Qd3
Qf6 48. Qe3 Qe7 49. d6 Qxd6 50. Qxg5+ 1-0

[Event "BL 9293 Erfurt-Empor Berlin"]
[Site "?"]
[Date "1992.??.??"]
[Round "?.4"]
[White "Jasnikowski, Z."]
[Black "Poldauf, D."]
[Result "1-0"]
[WhiteElo "2455"]
[BlackElo "2345"]
[PlyCount "89"]
[EventDate "1992.??.??"]

1. d4 Nf6 2. c4 g6 3. Nf3 Bg7 4. g3 O-O 5. Bg2 d6 6. Nc3 Nbd7 7. O-O e5 8. h3
Re8 9. e4 exd4 10. Nxd4 Nc5 11. Re1 Bd7 12. Rb1 Qc8 13. Kh2 h6 14. b3 a6 15.
Bb2 b5 16. b4 Na4 17. Nxa4 bxa4 18. c5 Rb8 19. c6 Be6 20. Qxa4 Bc4 21. Rbc1 Bd3
22. f3 d5 23. e5 Nh5 24. f4 g5 25. Qd1 Bg6 26. Qd2 gxf4 27. gxf4 Qd8 28. f5
Bxe5+ 29. Rxe5 Rxe5 30. fxg6 fxg6 31. Ne2 Rg5 32. Qd4 Qd6+ 33. Kg1 Kh7 34. Rf1
Qxb4 35. Qxb4 Rxb4 36. Bc3 Re4 37. Rf8 Rxg2+ 38. Kxg2 g5 39. Kf3 Kg6 40. Rg8+
Kf7 41. Rc8 Rc4 42. Rxc7+ Ke8 43. Be5 Kd8 44. Rd7+ Kc8 45. Rd6 1-0

[Event "BL 9293 Erfurt-Empor Berlin"]
[Site "?"]
[Date "1992.??.??"]
[Round "?.5"]
[White "Stern, R."]
[Black "Maiwald, JU."]
[Result "1/2-1/2"]
[WhiteElo "2375"]
[BlackElo "2375"]
[PlyCount "147"]
[EventDate "1992.??.??"]

1. Nf3 d5 2. c4 d4 3. e3 Nc6 4. d3 e5 5. exd4 exd4 6. g3 h6 7. a3 a5 8. Bg2 Nf6
9. O-O Be7 10. Nbd2 O-O 11. b3 Bf5 12. Qc2 Nd7 13. Re1 Re8 14. Ne4 Bg6 15. Bb2
f5 16. Ned2 Bf6 17. Rxe8+ Bxe8 18. Ne1 Nc5 19. Bd5+ Kh8 20. Nf1 g5 21. Bc1 Qd6
22. Rb1 Na6 23. Qd1 Rb8 24. Nc2 Ne7 25. Bg2 b5 26. Bd2 a4 27. b4 Kg7 28. Be1
Ng6 29. Nd2 c6 30. Rc1 g4 31. Nf1 Nc7 32. Bd2 Bd7 33. Ne1 h5 34. cxb5 cxb5 35.
Rc5 Na6 36. Rd5 Qe6 37. Nc2 Bc6 38. Nxd4 Bxd4 39. Rxd4 Bxg2 40. Kxg2 Qc6+ 41.
f3 Ne5 42. Ne3 Nxf3 43. Nxf5+ Kh7 44. Re4 Re8 45. Qa1 Re5 46. Nd4 Qd5 47. Nxf3
gxf3+ 48. Kf2 Rxe4 49. dxe4 Qxd2+ 50. Kxf3 Qd6 51. Qb1 Qf6+ 52. Ke3 Qg5+ 53.
Kf3 Nc7 54. Qd3 Qf6+ 55. Ke3 Qc6 56. e5+ Kg7 57. Qd6 Nd5+ 58. Kd3 Qc3+ 59. Ke4
Qc4+ 60. Kf3 Qd3+ $4 (60... Qf1+ 61. Ke4 Qe2+ 62. Kxd5 Qc4#) 61. Kf2 Qe3+ 62.
Kg2 Qe2+ 63. Kg1 Qe3+ 64. Kg2 Qe4+ 65. Kf2 Qf5+ 66. Ke1 Ne3 67. Qe7+ Kh6 68.
Qd6+ Kg5 69. Ke2 Nc4 70. Qd8+ Kh6 71. Qh8+ Qh7 72. Qf6+ Qg6 73. Qh8+ Kg5 74.
Qd8+ 1/2-1/2

[Event "BL 9293 Erfurt-Empor Berlin"]
[Site "?"]
[Date "1992.??.??"]
[Round "?.6"]
[White "Schwarz, M."]
[Black "Urban, Ju"]
[Result "1-0"]
[WhiteElo "2380"]
[BlackElo "2400"]
[PlyCount "79"]
[EventDate "1992.??.??"]

1. d4 d6 2. g3 g6 3. Bg2 Bg7 4. Nf3 Nd7 5. O-O e5 6. c4 Ne7 7. Nc3 O-O 8. e4
exd4 9. Nxd4 Nc6 10. Nde2 Nde5 11. b3 f5 12. Rb1 fxe4 13. Nxe4 Bg4 14. Bb2 Qd7
15. f4 Nf7 16. Bxg7 Kxg7 17. Qd2 Nh6 18. Nd4 Kg8 19. Ng5 Rae8 20. Bd5+ Kh8 21.
Rbe1 Nd8 22. h3 c6 23. Bg2 Be6 24. Ndxe6 Nxe6 25. Nxe6 Rxe6 26. Qd4+ Kg8 27.
Qxa7 Nf5 28. Qf2 (28. Bxc6 $5) 28... Rfe8 29. Rxe6 Qxe6 30. g4 Ne3 31. Re1 d5
32. cxd5 cxd5 33. Bxd5 Qxd5 34. Rxe3 Qd1+ 35. Kg2 Rc8 36. Re2 Rc1 37. Qe3 Qh1+
38. Kg3 Rg1+ 39. Kh4 Qc6 40. Qxg1 1-0

[Event "BL 9293 Erfurt-Empor Berlin"]
[Site "?"]
[Date "1992.??.??"]
[Round "?.7"]
[White "Thinius, M."]
[Black "Voekler, B."]
[Result "0-1"]
[WhiteElo "2330"]
[BlackElo "2300"]
[PlyCount "102"]
[EventDate "1992.??.??"]

1. d4 Nf6 2. Nf3 g6 3. c4 Bg7 4. Nc3 O-O 5. e4 d6 6. Be2 e5 7. O-O Nc6 8. d5
Ne7 9. b4 a5 10. Ba3 axb4 11. Bxb4 Nd7 12. Nd2 f5 13. a4 Kh8 14. a5 Ng8 15. Nb3
Ngf6 16. f3 Bh6 17. Kh1 Be3 18. Bd3 Nh5 19. Qe1 f4 20. g4 Nhf6 21. Nd1 Nc5 22.
Bxc5 Bxc5 23. Nxc5 dxc5 24. Qc3 Qe7 25. Rf2 Nd7 26. Rg2 Rf6 27. Bc2 Rfa6 28.
Bb3 g5 29. Rga2 h5 30. Nf2 Rh6 31. gxh5 Rxh5 32. Ng4 Qg7 33. Ba4 Nf6 34. Qxe5
Bxg4 35. fxg4 Nxg4 36. Qxg7+ Kxg7 37. Bd1 Rh4 38. Rg2 Ne3 39. Rxg5+ Kf6 40. Rh5
Rxh5 41. Bxh5 Ke5 42. Bf3 Nxc4 43. h4 Nd2 44. Kg2 b5 45. Ra2 Nxf3 46. Kxf3 b4
47. a6 b3 48. Ra5 c4 49. d6+ Kxd6 50. Ke2 f3+ 51. Kd2 f2 0-1

[Event "BL 9293 Erfurt-Empor Berlin"]
[Site "?"]
[Date "1992.??.??"]
[Round "?.8"]
[White "Troyke, C."]
[Black "Rosenthal, D."]
[Result "1-0"]
[WhiteElo "2340"]
[BlackElo "2340"]
[PlyCount "121"]
[EventDate "1992.??.??"]

1. g3 Nf6 2. Bg2 g6 3. c4 Bg7 4. Nc3 O-O 5. Nf3 d6 6. O-O e5 7. d3 Nbd7 8. Rb1
Re8 9. Nd2 Nf8 10. b4 h5 11. Nb3 h4 12. b5 Ne6 13. Bd2 hxg3 14. hxg3 Ng4 15. e4
Nh6 16. Qc1 Kh7 17. Nd5 b6 18. a4 Rh8 19. a5 Kg8 20. Ra1 Ng4 21. f3 Nf6 22. Kf2
Nh5 23. Rh1 f5 24. Ra2 f4 25. gxf4 Nhxf4 26. Nxf4 Rxh1 27. Qxh1 exf4 28. Ke2
Bd7 29. Bh3 Qf6 30. axb6 cxb6 31. Qh2 g5 32. Bf5 Kf8 33. Bb4 Ke7 34. Qg1 Rh8
35. d4 Nxd4+ 36. Nxd4 Qxd4 37. Qxd4 Bxd4 38. Rxa7 Rd8 39. Kd3 Be5 40. Be1 Ke8
41. Bxd7+ Rxd7 42. Rxd7 Kxd7 43. Bf2 Kc7 44. Ke2 Bf6 45. Kf1 Bd8 46. Kg2 Kd7
47. Kh3 Ke6 48. Bd4 Kf7 49. Kg4 Kg6 50. e5 dxe5 51. Bxe5 Be7 52. Bd4 Bd8 53. c5
bxc5 54. Bxc5 Bc7 55. Ba7 Bd6 56. Bd4 Kf7 57. Kxg5 Ke6 58. Bg1 Kd5 59. Kf5 Bb8
60. b6 Kc6 61. Bh2 1-0

[Event "BL 9293 Stadthagen-Erfurt"]
[Site "?"]
[Date "1992.??.??"]
[Round "?.1"]
[White "Paehtz, T."]
[Black "Sax, G."]
[Result "1/2-1/2"]
[WhiteElo "2480"]
[BlackElo "2565"]
[PlyCount "27"]
[EventDate "1992.??.??"]

1. d4 Nf6 2. c4 e6 3. Nc3 Bb4 4. e3 O-O 5. Nge2 Re8 6. a3 Bf8 7. Nf4 d6 8. Be2
c6 9. b3 Nbd7 10. Bb2 e5 11. Nd3 exd4 12. exd4 g6 13. O-O Bg7 14. Bf3 1/2-1/2

[Event "BL 9293 Stadthagen-Erfurt"]
[Site "?"]
[Date "1992.??.??"]
[Round "?.3"]
[White "Casper, T."]
[Black "Lobron, E."]
[Result "1/2-1/2"]
[WhiteElo "2425"]
[BlackElo "2625"]
[PlyCount "173"]
[EventDate "1992.??.??"]

1. e4 c5 2. Nf3 d6 3. g3 Nc6 4. Bg2 g6 5. O-O Bg7 6. d3 e5 7. c3 Nge7 8. Bg5
O-O 9. Qd2 f6 10. Bh6 d5 11. Bxg7 Kxg7 12. exd5 Nxd5 13. Re1 Re8 14. Na3 Bf5
15. d4 cxd4 16. Nxd4 exd4 17. Rxe8 Qxe8 18. Bxd5 Rd8 19. Bg2 Qd7 20. Nb5 d3 21.
f4 a6 22. Na3 b5 23. Re1 Na5 24. b3 Nc6 25. Nb1 a5 26. Qe3 Rc8 27. Nd2 Rc7 28.
h3 b4 29. c4 Bxh3 30. Bxh3 Qxh3 31. Qxd3 Rd7 32. Qe3 Nd4 33. Nf1 Qh5 34. Nh2
Qf5 35. Rf1 Nc2 36. Qe2 Nd4 37. Qe3 Qc2 38. Rf2 Qb1+ 39. Nf1 Nf5 40. Qf3 h5 41.
Kg2 Qc1 42. Kh2 Ra7 43. Qd3 Re7 44. Re2 Rxe2+ 45. Qxe2 h4 46. Qf2 hxg3+ 47.
Nxg3 Ne3 48. Kh3 Kh6 49. Qf3 Qd2 50. Qa8 Qd7+ 51. Kh2 Ng4+ 52. Kh3 Ne3+ 53. Kh2
Kg7 54. Qf3 Ng4+ 55. Kg2 Qd2+ 56. Ne2 Ne3+ 57. Kf2 Nd1+ 58. Kg3 Nc3 59. Qb7+
Kf8 60. Qc8+ Ke7 61. Qc7+ Qd7 62. Qxd7+ Kxd7 63. Nc1 Ke6 64. Kf3 Kd6 65. Ke3 g5
66. fxg5 fxg5 67. Kd4 g4 68. Ke3 Ke5 69. Nd3+ Kf5 70. Nc1 Kg5 71. c5 Kf5 72. c6
Ke5 73. Nd3+ Kd6 74. Kf4 Kxc6 75. Kxg4 Kd5 76. Kf4 Kd4 77. Ne5 Kc5 78. Ke3 Nxa2
79. Kd2 Nc3 80. Kd3 Nd5 81. Ke4 Nc3+ 82. Kd3 Nd1 83. Ke2 Nb2 84. Kd2 Kd5 85.
Nf3 a4 86. bxa4 Nxa4 87. Kc2 1/2-1/2

[Event "BL 9293 Stadthagen-Erfurt"]
[Site "?"]
[Date "1992.??.??"]
[Round "?.5"]
[White "Maiwald, JU."]
[Black "Keitlinghaus, L."]
[Result "1/2-1/2"]
[WhiteElo "2375"]
[BlackElo "2460"]
[PlyCount "34"]
[EventDate "1992.??.??"]

1. d4 f5 2. Bg5 h6 3. Bf4 Nf6 4. e3 d6 5. h4 g6 6. Nf3 Bg7 7. Bd3 Nc6 8. Nc3
Ng4 9. d5 Nce5 10. Bb5+ Kf7 11. Nd4 Rf8 12. Qd2 Kg8 13. f3 Nf6 14. O-O-O c5 15.
Bxe5 dxe5 16. Nb3 Qd6 17. Be2 a6 1/2-1/2

[Event "BL 9293 Stadthagen-Erfurt"]
[Site "?"]
[Date "1992.??.??"]
[Round "?.7"]
[White "Voekler, B."]
[Black "Gauglitz, G."]
[Result "0-1"]
[WhiteElo "2300"]
[BlackElo "2435"]
[PlyCount "76"]
[EventDate "1992.??.??"]

1. e4 c5 2. Nf3 Nc6 3. d4 cxd4 4. Nxd4 Nf6 5. Nc3 e5 6. Ndb5 d6 7. Nd5 Nxd5 8.
exd5 Ne7 9. c4 Nf5 10. Bd3 Be7 11. O-O a6 12. Nc3 O-O 13. Re1 Nh4 14. a3 f5 15.
Bf1 e4 16. Be3 Bd7 17. Qd2 g5 18. c5 f4 19. cxd6 Bxd6 20. Bd4 e3 21. fxe3 f3
22. e4 fxg2 23. Bxg2 Bh3 24. Bh1 Bf4 25. Qe2 g4 26. e5 Nf3+ 27. Bxf3 gxf3 28.
Qxf3 Bxh2+ 29. Kxh2 Rxf3 30. Rg1+ Kf7 31. Ne4 Qxd5 32. Ng5+ Ke7 33. Nxf3 Qxf3
34. Rg3 Qd5 35. Rxh3 Qxd4 36. Rxh7+ Ke6 37. Rh6+ Kxe5 38. Re1+ Kf5 0-1

[Event "BL 9293 Stadthagen-Erfurt"]
[Site "?"]
[Date "1992.??.??"]
[Round "?.8"]
[White "Heilemann, M."]
[Black "Troyke, C."]
[Result "0-1"]
[WhiteElo "2285"]
[BlackElo "2340"]
[PlyCount "76"]
[EventDate "1992.??.??"]

1. d4 Nf6 2. c4 g6 3. Nc3 Bg7 4. g3 O-O 5. Bg2 d6 6. e4 e5 7. d5 Nbd7 8. Nge2
a5 9. O-O Nc5 10. Be3 Ng4 11. Bxc5 dxc5 12. h3 Nh6 13. Qc2 f5 14. exf5 gxf5 15.
f4 e4 16. Qd2 Ra6 17. Qe3 Qe7 18. Na4 b6 19. Nac3 Nf7 20. a4 Nd6 21. b3 Bd7 22.
Ra2 Raa8 23. Rd2 Rf6 24. Kh2 Kh8 25. Ng1 Rg6 26. Nce2 Rg8 27. Rfd1 Bf6 28. Bf1
Be8 29. Rc1 R6g7 30. Rcd1 Bh5 31. Rc1 Rg6 32. Bg2 h6 33. Bh1 Qg7 34. g4 Bh4 35.
Nc3 fxg4 36. Bxe4 Nxe4 37. Nxe4 gxh3 38. Qxh3 Rxg1 0-1

[Event "BL 9293 Empor Berlin-Dresden"]
[Site "?"]
[Date "1992.??.??"]
[Round "?.2"]
[White "Muse, M."]
[Black "Uhlmann, W."]
[Result "1/2-1/2"]
[WhiteElo "2470"]
[BlackElo "2480"]
[PlyCount "65"]
[EventDate "1992.??.??"]

1. d4 Nf6 2. c4 g6 3. Nc3 Bg7 4. e4 d6 5. Be2 O-O 6. Nf3 e5 7. O-O Nc6 8. d5
Ne7 9. b4 Nh5 10. g3 f5 11. Ng5 Nf6 12. f3 c6 13. b5 Ne8 14. bxc6 bxc6 15. Kg2
h6 16. Nh3 c5 17. Bd2 g5 18. exf5 Nxf5 19. Nf2 Nd4 20. g4 Nf6 21. Nfe4 Rf7 22.
Rb1 Qd7 23. Bd3 Ba6 24. Qa4 Qxa4 25. Nxa4 Nxe4 26. fxe4 Rxf1 27. Rxf1 Rb8 28.
h3 Bf8 29. Ba5 Be7 30. Rf2 Bd8 31. Bc3 Bc8 32. Rb2 Rxb2+ 33. Nxb2 1/2-1/2